Southville International School and Colleges
Your cart is empty.
  • Cart
  • Lists
    Public lists Eva Luna New books Lux_list list_1
    Your lists Log in to create your own lists
  • Log in to your account
  • Your cookies
  • Search history
Southville International School and Colleges
  • Advanced search
  • Recent comments
  • Most popular
  • Libraries

Log in to your account

Log in with GOOGLE


If you do not have an external account, but do have a local account, you can still log in:

  1. Home
  2. MARC view: The ranch /
Normal view MARC view ISBD view

The ranch / (Record no. 11240)

[ view plain ]
MARC details
000 -LEADER
fixed length control field 01258cam a2200349 a 4500
001 - CONTROL NUMBER
control field 1636275
003 - CONTROL NUMBER IDENTIFIER
control field LC
005 - DATE AND TIME OF LATEST TRANSACTION
control field 20160314154803.0
008 - FIXED-LENGTH DATA ELEMENTS--GENERAL INFORMATION
fixed length control field 960812s1997 nyu 000 1 eng
010 ## - LIBRARY OF CONGRESS CONTROL NUMBER
LC control number 96038244
020 ## - INTERNATIONAL STANDARD BOOK NUMBER
International Standard Book Number 0385316348
040 ## - CATALOGING SOURCE
Original cataloging agency DLC
Transcribing agency DLC
Modifying agency DLC
-- OCoLC
-- DLC
043 ## - GEOGRAPHIC AREA CODE
Geographic area code n-us-wy
050 00 - LIBRARY OF CONGRESS CALL NUMBER
Classification number PS 3569 .T33828
Item number .St813 1998
082 00 - DEWEY DECIMAL CLASSIFICATION NUMBER
Classification number FIC
Item number St3r 1997
100 1# - MAIN ENTRY--PERSONAL NAME
Personal name Steel, Danielle.
9 (RLIN) 19098
245 14 - TITLE STATEMENT
Title The ranch /
Statement of responsibility, etc Danielle Steel.
260 ## - PUBLICATION, DISTRIBUTION, ETC. (IMPRINT)
Place of publication, distribution, etc New York :
Name of publisher, distributor, etc Delacorte Press,
Date of publication, distribution, etc 1998.
300 ## - PHYSICAL DESCRIPTION
Extent 421 p. :
Dimensions 18 cm.
650 #0 - SUBJECT ADDED ENTRY--TOPICAL TERM
Topical term or geographic name as entry element Female friendship
Form subdivision Fiction.
9 (RLIN) 19454
650 #0 - SUBJECT ADDED ENTRY--TOPICAL TERM
Topical term or geographic name as entry element Middle-aged women
Form subdivision Fiction.
9 (RLIN) 19455
650 #0 - SUBJECT ADDED ENTRY--TOPICAL TERM
Topical term or geographic name as entry element Ranch life
Form subdivision Fiction.
9 (RLIN) 19456
651 #0 - SUBJECT ADDED ENTRY--GEOGRAPHIC NAME
Geographic name Wyoming
Form subdivision Fiction.
9 (RLIN) 19457
655 #7 - INDEX TERM--GENRE/FORM
Genre/form data or focus term Psychological fiction.
Source of term lcsh
9 (RLIN) 2883
655 #7 - INDEX TERM--GENRE/FORM
Genre/form data or focus term Love stories.
Source of term gsafd
9 (RLIN) 2799
856 42 - ELECTRONIC LOCATION AND ACCESS
Materials specified Publisher description
Uniform Resource Identifier <a href="http://www.loc.gov/catdir/description/random048/96038244.html">http://www.loc.gov/catdir/description/random048/96038244.html</a>
856 42 - ELECTRONIC LOCATION AND ACCESS
Materials specified Contributor biographical information
Uniform Resource Identifier <a href="http://www.loc.gov/catdir/enhancements/fy0703/96038244-b.html">http://www.loc.gov/catdir/enhancements/fy0703/96038244-b.html</a>
906 ## - LOCAL DATA ELEMENT F, LDF (RLIN)
a 7
b cbc
c orignew
d 1
e ocip
f 19
g y-gencatlg
942 ## - ADDED ENTRY ELEMENTS (KOHA)
Source of classification or shelving scheme Library of Congress Classification
Koha item type Books
Holdings
Withdrawn status Lost status Source of classification or shelving scheme Damaged status Home library Current library Shelving location Date acquired Source of acquisition Total Checkouts Full call number Barcode Date last seen Copy number Price effective from Koha item type
    Library of Congress Classification   Luxembourg Library Luxembourg Library Fiction Section 09/13/2013 Donation   PS 3569 .T33828 .St813 1998 18144 02/04/2015 1 09/13/2013 Books

The ranch /

APA

Steel D., . (1998). The ranch. New York: Delacorte Press.

Chicago

Steel Danielle, . 1998. The ranch. New York: Delacorte Press.

Harvard

Steel D., . (1998). The ranch. New York: Delacorte Press.

MLA

Steel Danielle, . The ranch. New York: Delacorte Press. 1998.

  • Place hold
  • Print
  • Cite
  • Add to your cart (remove)
  • Save record
    BIBTEX Dublin Core MARCXML MARC (non-Unicode/MARC-8) MARC (Unicode/UTF-8) MARC (Unicode/UTF-8, Standard) MODS (XML) RIS
  • More searches
    Search for this title in:
    Other Libraries (WorldCat) Other Databases (Google Scholar) Online Stores (Bookfinder.com) Open Library (openlibrary.org)

Exporting to Dublin Core...

SOUTHVILLE LIBRARY

Southville International School and Colleges Library

1281 Tropical Ave. Cor. Luxembourg St., BF Homes International, Las Pinas City

Tel. No. 8256374 / 252358 Loc. 117/146

Powered by Koha